Statistics for NBA All-Time Team (Past-2020)

Click here to take the quiz!

General Stats

  • This quiz has been taken 191 times
  • The average score is 16 of 20

Answer Stats

Answer% Correct
SFLeBron James
99%
SGMichael Jordan
95%
PGMagic Johnson
94%
CShaquille O'Neal
94%
CKareem Abdul-Jabbar
92%
SGKobe Bryant
92%
PFTim Duncan
92%
PGStephen Curry
90%
SFLarry Bird
86%
CWilt Chamberlain
83%
CBill Russell
81%
PGJohn Stockton
81%
PFKarl Malone
81%
PF/CHakeem Olajuwon
76%
SFKevin Durant
74%
SGJerry West
73%
SGDwayne Wade
66%
PGOscar Robertson
65%
PFCharles Barkley
58%
SFJulius Erving
53%

Score Distribution

Percentile by Number Answered

Percent of People with Each Score

Your Score History

You have not taken this quiz